Giri veloci dei Gran Premi di Formula 1 2006 - Statistics

Statistiche generali
  • Questo quiz è stato fatto 10 volte
  • Il punteggio medio è 15 su 18
Statistiche sulle risposte
Gran Premio Giro veloce % Corretto
Gran Premio d'Europa Michael Schumacher
100%
Gran Premio di Monaco Michael Schumacher
100%
Gran Premio degli Stati Uniti d'America Michael Schumacher
100%
Gran Premio di Francia Michael Schumacher
100%
Gran Premio di Germania Michael Schumacher
100%
Gran Premio di Turchia Michael Schumacher
100%
Gran Premio del Brasile Michael Schumacher
100%
Gran Premio della Malesia Fernando Alonso
90%
Gran Premio di San Marino Fernando Alonso
90%
Gran Premio di Gran Bretagna Fernando Alonso
90%
Gran Premio di Cina Fernando Alonso
90%
Gran Premio del Giappone Fernando Alonso
90%
Gran Premio d'Australia Kimi Räikkönen
70%
Gran Premio del Canada Kimi Räikkönen
70%
Gran Premio d'Italia Kimi Räikkönen
70%
Gran Premio di Spagna Felipe Massa
40%
Gran Premio d'Ungheria Felipe Massa
40%
Gran Premio del Bahrein Nico Rosberg
20%
Nessun quiz corrispondente trovato
Distribuzione punteggi
Percentuale di utenti per punteggio
Percentile per numero di risposta
I tuoi punteggi nel tempo
Non hai fatto questo quiz